[Event "ROM-ch U10"]
[Site "Calimanesti Caciulata"]
[Date "2019.04.19"]
[Round "6"]
[White "Neagu, Robert Mihai"]
[Black "Anghel, Calin Marian"]
[Result "1-0"]
[WhiteElo "1001"]
[BlackElo "1001"]
[PlyCount "59"]
[EventDate "2019.04.15"]
[EventType "swiss"]
[EventRounds "9"]
[EventCountry "ROU"]
[SourceTitle "CBM 190 Extra"]
[Source "ChessBase"]
[SourceDate "2019.07.15"]
[SourceVersion "1"]
[SourceVersionDate "2019.07.15"]
[SourceQuality "1"]

1. e4 e5 2. Nf3 Nc6 3. Nc3 Nf6 4. Bc4 Bc5 5. 0-0 0-0 6. d3 d6 7. h3 Re8 8. Bg5 h6 9. Bh4 g5 10. Bg3 Rf8 11. Nd5 b6 12. Nxf6+ Qxf6 13. Bd5 Bb7 14. a3 Rae8 15. c3 Kh7 16. b4 a5 17. bxc5 dxc5 18. d4 exd4 19. cxd4 cxd4 20. Nxd4 Nxd4 21. Bxb7 Rxe4 22. Bxe4+ Kg7 23. Rc1 Re8 24. Re1 Qd8 25. Rc4 f5 26. Rxd4 Qc8 27. Qa1 fxe4 28. Rd8+ Kf7 29. Rxc8 Rxc8 30. Rxe4 1-0

[Event "ROM-ch U10"]
[Site "Calimanesti Caciulata"]
[Date "2019.04.18"]
[Round "5"]
[White "Anghel, Calin Marian"]
[Black "Palos, Bogdan Alexandru"]
[Result "0-1"]
[WhiteElo "1001"]
[BlackElo "1053"]
[PlyCount "42"]
[EventDate "2019.04.15"]
[EventType "swiss"]
[EventRounds "9"]
[EventCountry "ROU"]
[SourceTitle "CBM 190 Extra"]
[Source "ChessBase"]
[SourceDate "2019.07.15"]
[SourceVersion "1"]
[SourceVersionDate "2019.07.15"]
[SourceQuality "1"]

1. e4 e5 2. Nf3 Nc6 3. Bc4 Nf6 4. 0-0 h6 5. d3 Be7 6. b3 d6 7. Ba3 Bg4 8. h3 Bh5 9. Nfd2 Bxd1 10. Rxd1 0-0 11. Nc3 Na5 12. Nb5 Nxc4 13. Bb4 Nxd2 14. Rxd2 a6 15. Nc3 d5 16. exd5 Bxb4 17. Rb1 Bxc3 18. Rdd1 Qxd5 19. Rf1 Nh5 20. Rbc1 Nf4 21. Kh1 Qxg2# 0-1